000 nam a22 7a 4500
999 _c10466
_d10466
008 180217b ||||| |||| 00| 0 eng d
100 _aKhanna,B.
_92544
245 _aAay Bee General Knowledge IQ Test-6
260 _aNew Delhi
_bAayBee